Normal view MARC view
  • Smollett, T.

Entry Personal Name

Number of records used in: 1

001 - CONTROL NUMBER

  • control field: 40159

003 - CONTROL NUMBER IDENTIFIER

  • control field: OSt

005 - DATE AND TIME OF LATEST TRANSACTION

  • control field: 20160612132043.0

008 - FIXED-LENGTH DATA ELEMENTS

  • fixed length control field: 160612|| aca||aabn | a|a d

040 ## - CATALOGING SOURCE

  • Original cataloging agency: OSt

100 1# - HEADING--PERSONAL NAME

  • Personal name: Smollett, T.
  • Fuller form of name: (Tobias),
  • Dates associated with a name: 1721-1771

400 1# - SEE FROM TRACING--PERSONAL NAME

  • Personal name: Smollet, T.
  • Fuller form of name: (Tobias),
  • Dates associated with a name: 1721-1771

400 1# - SEE FROM TRACING--PERSONAL NAME

  • Personal name: Smollett, Tobias George,
  • Dates associated with a name: 1721-1771

400 1# - SEE FROM TRACING--PERSONAL NAME

  • Personal name: Smollett, Tobias,
  • Dates associated with a name: 1721-1771

400 0# - SEE FROM TRACING--PERSONAL NAME

  • Personal name: Author of Roderick Random,
  • Dates associated with a name: 1721-1771

400 1# - SEE FROM TRACING--PERSONAL NAME

  • Personal name: Roderick Random, Author of,
  • Dates associated with a name: 1721-1771